LE SSERAFIM - Paroles HOT - Statistiques

Statistiques générales
  • Ce quiz a été pris 12 fois
  • Le résultat moyen est 68 sur 91
Statistiques - réponses
Hint Réponse % Correct
burn
89%
burning
89%
burning
89%
burning
89%
burning
89%
burning
89%
burning
89%
burning
89%
hot
89%
hot
89%
(Hot),
89%
(Hot)
89%
hot
89%
hot)
89%
hot
89%
(Hot),
89%
(Hot)
89%
hot
89%
hot)
89%
I
89%
I
89%
Intro I'm
89%
Refrain I'm
89%
I'm
89%
(I'm
89%
Refrain I'm
89%
I'm
89%
(I'm
89%
yeah
89%
yeah-eh-eh
89%
and
78%
and
78%
Bonnie
78%
Bonnie
78%
Clyde
78%
Clyde
78%
drive,
78%
from
78%
from
78%
from
78%
from
78%
it,
78%
it,
78%
it
78%
it
78%
it,
78%
it,
78%
it
78%
it
78%
love
78%
love
78%
Post-refrain Not
78%
not
78%
Post-refrain Not
78%
not
78%
running
78%
running
78%
running
78%
running
78%
be
67%
Don't
67%
gear
67%
oh
67%
oh
67%
Outro Oh,
67%
oh
67%
oh
67%
shine,
67%
so
67%
So
67%
So
67%
tears,
67%
to
67%
afraid,
56%
dear,
56%
me
56%
my
56%
Now
56%
right,
56%
tight
56%
tonight,
56%
tonight,
56%
tonight,
56%
all
44%
'cause
44%
die,
44%
hold
44%
It's
44%
or
44%
ride
44%
we're
44%
Aucun quiz correspondant
Distribution des résultats
% des personnes avec chaque résultat
Percentile par nombre de réponses
Votre historique - résultats
Vous n’avez pas pris ce quiz